000 00651nam a22002297a 4500
005 20251108173304.0
008 250721s2000 xx 000 0 ara d
082 1 4 _a320/قمو
100 1 _aالقمودي، سالم
245 1 0 _aسيكولوجيا السلطة /
250 _aط 2 .
264 1 _aبيروت :
_bمؤسسة الإنتشار العربي،
_c2000.
300 _a164ص.
650 1 7 _aالسلطة
650 1 7 _aالدولة
650 1 7 _aالإيديولوجيا
650 1 7 _aالإدارة
650 1 7 _aالمعارضة السياسية
650 1 7 _aالديمقراطية
942 _2ddc
_cBK
999 _c100452
_d100452